Movies by Timothée Chalamet - Statistics

General Stats
  • This quiz has been taken 12 times
  • The average score is 12 of 27
Answer Stats
Picture Hint Answer % Correct
2021 Dune
90%
2026 Dune: Part Three
90%
2023 Dune: Part Two
90%
2025 Marty Supreme
90%
2023 Wonka
90%
2024 A Complete Unknown
70%
2019 The King
70%
2017 Call Me by Your Name
60%
2021 Don't Look Up
60%
2019 Little Women
60%
2018 Beautiful Boy
50%
2014 Interstellar
50%
2022 Bones and All
40%
2017 Lady Bird
40%
2022 Entergalactic
30%
2021 The French Dispatch of the Liberty, Kansas Evening Sun
30%
2019 A Rainy Day in New York
20%
2017 Hostiles
20%
2017 Hot Summer Nights
20%
2009 Burning Blue
10%
2015 Love the Coopers
10%
2014 Men, Women & Children
10%
2016 Miss Stevens
10%
2015 One & Two
10%
2014 Spinners
10%
2015 The Adderall Diaries
10%
2014 Worst Friends
10%
No matching quizzes found
Score Distribution
Percent of People with Each Score
Percentile by Number Answered
Your Score History
You have not taken this quiz